000
00280nam a22001217a 4500
082
_a
001
_b
DHI/W
245
_a
THE WORLD OF CHILDREN'S KNOWLEDGE
250
_a
FIRST
260
_a
DELHI
_b
DHINGRA PUBLISHING HOUSE
300
_a
95
650
_a
GENERAL KNOWLEDGE
_z
INDIA
942
_c
BK
999
_c
2670
_d
2670